Africa: (Record no. 46114)

MARC details
000 -LEADER
fixed length control field 00725nam a22002411 4500
001 - CONTROL NUMBER
control field 4530085
005 - DATE AND TIME OF LATEST TRANSACTION
control field 20160309125014.0
008 - FIXED-LENGTH DATA ELEMENTS--GENERAL INFORMATION
fixed length control field 720107s1959 nyuab b 000 0 eng
010 ## - LIBRARY OF CONGRESS CONTROL NUMBER
LC control number 59008552
040 ## - CATALOGING SOURCE
Original cataloging agency DLC
Transcribing agency DLC
Modifying agency DLC
043 ## - GEOGRAPHIC AREA CODE
Geographic area code f------
050 00 - LIBRARY OF CONGRESS CALL NUMBER
Classification number DT14
Item number .M87 1959
082 00 - DEWEY DECIMAL CLASSIFICATION NUMBER
Classification number 572.96
100 1# - MAIN ENTRY--PERSONAL NAME
Personal name Murdock, George Peter,
Dates associated with a name 1897-
651 #0 - SUBJECT ADDED ENTRY--GEOGRAPHIC NAME
Geographic name Africa
245 00 - TITLE STATEMENT
Title Africa:
Remainder of title its peoples and their culture history /
Statement of responsibility, etc by George Peter Murdock.
260 ## - PUBLICATION, DISTRIBUTION, ETC. (IMPRINT)
Place of publication, distribution, etc New York,
Name of publisher, distributor, etc McGraw-Hill,
Date of publication, distribution, etc 1959.
300 ## - PHYSICAL DESCRIPTION
Extent xiii, 456 p.
Other physical details illus., maps (1 fold. in pocket)
Dimensions 24 cm.
504 ## - BIBLIOGRAPHY, ETC. NOTE
Bibliography, etc Includes bibliographies.
651 #0 - SUBJECT ADDED ENTRY--GEOGRAPHIC NAME
General subdivision Civilization.
906 ## - LOCAL DATA ELEMENT F, LDF (RLIN)
a 7
b cbc
c orignew
d u
e ocip
f 19
g y-gencatlg
942 ## - ADDED ENTRY ELEMENTS (KOHA)
Source of classification or shelving scheme Library of Congress Classification
Item type Book
Holdings
Withdrawn status Lost status Source of classification or shelving scheme Damaged status Not for loan Collection code Home library Current library Shelving location Date acquired Source of acquisition Total Checkouts Full call number Barcode Date last seen Date last borrowed Copy number Price effective from Koha item type
    Library of Congress Classification     Non-fiction Bishop Okullu Memorial Library (Limuru Campus) Bishop Okullu Memorial Library (Limuru Campus) General Circulation 09/03/2016 Donation 3 DT14 .M87 1959 045993 26/07/2023 25/07/2023 1 09/03/2016 Book